Atribuciones del Congreso Argentino (Registro nro. 6876)

Detalles MARC
000 -LEADER
fixed length control field 02745 a2200361 4500
001 - CONTROL NUMBER
control field 60074
005 - DATE AND TIME OF LATEST TRANSACTION
control field 20260407155853.0
008 - FIXED-LENGTH DATA ELEMENTS--GENERAL INFORMATION
fixed length control field 260407a1986 arg spa d
003 - CONTROL NUMBER IDENTIFIER
control field AR-UNSa-BCEJYS
040 ## - CATALOGING SOURCE
Original cataloging agency AR-UNSa-BCEJYS
Language of cataloging spa
Transcribing agency AR-UNSa-BCEJYS
080 ## - UNIVERSAL DECIMAL CLASSIFICATION NUMBER
Universal Decimal Classification number 342.52
Common auxiliary subdivision Poder legislativo
041 ## - LANGUAGE CODE
Language code of text/sound track or separate title spa
100 1# - MAIN ENTRY--PERSONAL NAME
Personal name Instituto Argentino de Estudios Constitucionales y Políticos
245 10 - TITLE STATEMENT
Title Atribuciones del Congreso Argentino
264 #1 - PRODUCTION, PUBLICATION, DISTRIBUTION, MANUFACTURE, AND COPYRIGHT NOTICE
Place of production, publication, distribution, manufacture Buenos Aires :
Name of producer, publisher, distributor, manufacturer Ediciones Depalma
Date of production, publication, distribution, manufacture, or copyright notice 1986
300 ## - PHYSICAL DESCRIPTION
Extent xiv, 609 p.
Dimensions 23 cm.
505 ## - FORMATTED CONTENTS NOTE
Formatted contents note 1. Facultades del Congreso: reflexiones sobre la influencia doctrinal norteamericana - 2. Sistematización de las funciones del Congreso en orden a sus atribuciones - 3. Nación y provincias: competencias. Enfoque histórico-político - 4. Recursos financieros de la Nación - 5. El régimen constitucional de las tierras de propiedad nacional - 6. Bancos, monedas, pesas y medidas - 7. Los subsidios a las provincias - 8. Problemas generados por el aprovechamiento de ríos interprovinciales - 9. Las facultades legislativas respecto de códigos, leyes generales y leyes especiales - 10. La cláusula comercial - 11. Facultades del Congreso en materia de límites interprovinciales - 12. Facultades legislativas en materia de educación - 13. Las atribuciones del Congreso en materia demográfica - 14. El Poder Legislativo y el derecho constitucional de los extranjeros - 15. Amnistía política - 16. El régimen jurídico de los tratados internacionales en la República Argentina - 17. El Congreso y la materia religiosa - 18. Fuerzas armadas. Poderes de que depende su formación y control - 19. Los establecimientos de utilidad nacional en la doctrina constitucional - 20. El poder de provisión o reserva en el Estado federal argentino a la luz de la cláusula instrumental genérica - 21. La función electoral del Congreso - 22. La investigación congresional: las comisiones investigadoras - 23. El juicio político - 24. Atribuciones del Congreso y del presidente sobre intervenciones federales mediante los proyectos de la ley y sus debates (siglo XIX y XX) - 25. Intervenciones federales.
590 ## - LOCAL NOTE (RLIN)
Local note niveau_biblio:m niveau_hierar:0
700 1# - ADDED ENTRY--PERSONAL NAME
Personal name Pérez Guilhou, Dardo
700 1# - ADDED ENTRY--PERSONAL NAME
Personal name Calderon, Raúl Enoc
700 1# - ADDED ENTRY--PERSONAL NAME
Personal name Castorina de Tarquini, María Celia
700 1# - ADDED ENTRY--PERSONAL NAME
Personal name Egües, Carlos Alberto
700 1# - ADDED ENTRY--PERSONAL NAME
Personal name Farrando, Ismael
700 1# - ADDED ENTRY--PERSONAL NAME
Personal name López, Joaquín Manuel Rufino
700 1# - ADDED ENTRY--PERSONAL NAME
Personal name Luna, Eduardo Fernando
700 1# - ADDED ENTRY--PERSONAL NAME
Personal name Martínez Peroni, José Luis
700 1# - ADDED ENTRY--PERSONAL NAME
Personal name Ramella de Jefferies, Susana
700 1# - ADDED ENTRY--PERSONAL NAME
Personal name Reina, Ana María
700 1# - ADDED ENTRY--PERSONAL NAME
Personal name Seghesso de López Aragón, María Cristina
700 1# - ADDED ENTRY--PERSONAL NAME
Personal name Segovia, Juan Fernando
700 1# - ADDED ENTRY--PERSONAL NAME
Personal name Seisdedos, Felipe
942 ## - ADDED ENTRY ELEMENTS (KOHA)
Koha item type
Existencias
Withdrawn status Lost status Damaged status Not for loan Home library Current library Shelving location Date acquired Total checkouts Full call number Barcode Date last seen Price effective from Koha item type
        Biblioteca Prof. Eusebio Cleto del Rey Biblioteca Prof. Eusebio Cleto del Rey   07/04/2026   342.52 A882 L45340 07/04/2026 07/04/2026 Libro